|
|
|
|
| LEADER |
00000nam0a2200000 4500 |
| 001 |
160183 |
| 005 |
20231101222153.0 |
| 010 |
|
|
|a 9785806202902
|
| 035 |
|
|
|a (RuTPU)RU\TPU\book\173714
|
| 090 |
|
|
|a 160183
|
| 100 |
|
|
|a 20090519d2008 m y0rusy50 ca
|
| 101 |
0 |
|
|a rus
|
| 102 |
|
|
|a RU
|
| 105 |
|
|
|a a j 001zy
|
| 200 |
1 |
|
|a История японского театра. Древность и средневековье: сквозь века в XXI столетие
|e учебное пособие
|f Н. Г. Анарина
|
| 210 |
|
|
|a Москва
|c Наталис
|d 2008
|
| 215 |
|
|
|a 330 с.
|c ил.
|
| 320 |
|
|
|a Библиогр.: с. 328-330.
|
| 330 |
|
|
|a Учебное пособие представляет собой первое в России систематическое изложение истории японского театра в древности и средневековье. Прослеживается полный исторический цикл вплоть до наших дней всех театральных форм, возникших в рассматриваемые периоды. Издание предназначено для студентов-японоведов, студентов театральных и других высших гуманитарных учебных заведений, а также для всех, кто интересуется традиционной театральной культурой Японии.
|
| 606 |
1 |
|
|a Театр
|2 stltpush
|3 (RuTPU)RU\TPU\subj\58738
|9 76490
|
| 610 |
1 |
|
|a Япония
|
| 610 |
1 |
|
|a история
|
| 610 |
1 |
|
|a Древний мир
|
| 610 |
1 |
|
|a средние века
|
| 610 |
1 |
|
|a 17 век
|
| 610 |
1 |
|
|a 18 век
|
| 610 |
1 |
|
|a 19 век
|
| 610 |
1 |
|
|a 20 век
|
| 610 |
1 |
|
|a театральная культура
|
| 610 |
1 |
|
|a театральные спектакли
|
| 610 |
1 |
|
|a драма
|
| 610 |
1 |
|
|a танцы
|
| 610 |
1 |
|
|a масочный театр
|
| 610 |
1 |
|
|a драматургия
|
| 610 |
1 |
|
|a пьесы
|
| 610 |
1 |
|
|a театр Гигаку
|
| 610 |
1 |
|
|a театр Бугаку
|
| 610 |
1 |
|
|a театр Но
|
| 675 |
|
|
|a 792
|v 3
|
| 700 |
|
1 |
|a Анарина
|b Н. Г.
|g Нина Григорьевна
|
| 801 |
|
1 |
|a RU
|b 63413507
|c 20090519
|g PSBO
|
| 801 |
|
2 |
|a RU
|b 63413507
|c 20140923
|g RCR
|
| 900 |
|
|
|a Культура Японии
|
| 942 |
|
|
|c BK
|
| 959 |
|
|
|a 58/20090508
|d 1
|e 315,10
|f ЧЗГЛ:1
|